| 000 | 00529nam a2200169 a 4500 | ||
|---|---|---|---|
| 001 | 3626 | ||
| 005 | 20180713183537.0 | ||
| 008 | 140415s1974 mx 000 0 spa d | ||
| 041 | _aspa | ||
| 082 |
_a235.3 _bFLO |
||
| 100 | 1 | _aFLORENCIA, FRANCISCO DE | |
| 245 | 1 | 0 | _aNARRACION DE LA MARAVILLOSA APARICION QUE HIZO EL ARCANGEL SAN MIGUEL A DIEGO LAZARO DE SAN FRANCISCO |
| 250 | _a4A ED. | ||
| 260 |
_aMEXICO : _bEDITORA DE PERIODICOS, LA PRENSA, _c1974 |
||
| 300 | _a270 | ||
| 650 | 1 | 4 |
_aANGELES _xCIELO(RELIGION) |
| 999 |
_c3626 _d3626 |
||